=LDR 00000nam 2200000 4500 =001 INLIS000000000050149 =005 20170420091102.0 =006 =007 =008 =020 ##$$a 978 - 602 - 0808 - 09 - 3 =035 ##$$0010-041700000000339 =040 ##$$a NBPDMAT =082 ##$$a 370.3 =090 ##$$a 370. 3 Fai e =100 ##$$a Fairuzi, Alfons Rizqi =245 ##$$a Ensiklopedia Anak Nusantara / $c Alfons Rizqi Fairuzi =250 ##$$a Cet. 2 =260 ##$$a Yogyakaarta : $b Literindo , $c 2016 =300 ##$$a 226 hlm. : $b ilus. ; $c 24 cm. =650 ##$$a Ensiklopedia, Pendidikan